Nước Mỹ ngày nay = The United States of America today Sách nâng cao trình độ tiếng Anh Mỹ

Zapisane w:
Opis bibliograficzny
1. autor: Nước mỹ ngày nay
Format: Książka
Język:Undetermined
Wydane: H. ĐHQG 2002
Hasła przedmiotowe:
Etykiety: Dodaj etykietę
Nie ma etykietki, Dołącz pierwszą etykiete!
Thư viện lưu trữ: Trung tâm Học liệu Trường Đại học Cần Thơ
LEADER 00586nam a2200193Ia 4500
001 CTU_50607
008 210402s9999 xx 000 0 und d
082 |a 428.24 
082 |b T305 
100 |a Nước mỹ ngày nay 
245 0 |a Nước Mỹ ngày nay = The United States of America today 
245 0 |b Sách nâng cao trình độ tiếng Anh Mỹ 
245 0 |c Nước mỹ ngày nay 
260 |a H. 
260 |b ĐHQG 
260 |c 2002 
650 |a english language 
650 |x americanism 
980 |a Trung tâm Học liệu Trường Đại học Cần Thơ